Human resource management for hospitality services / (Record no. 19417)
[ view plain ]
| 000 -LEADER | |
|---|---|
| fixed length control field | 00896nam a2200289 a 4500 |
| 005 - DATE AND TIME OF LATEST TRANSACTION | |
| control field | 20140310183141.0 |
| 008 - FIXED-LENGTH DATA ELEMENTS--GENERAL INFORMATION | |
| fixed length control field | 020718s19uu xx 00 eng d |
| 020 ## - INTERNATIONAL STANDARD BOOK NUMBER | |
| International Standard Book Number | 1861520956 |
| 050 ## - LIBRARY OF CONGRESS CALL NUMBER | |
| Classification number | TX 911.3 |
| Item number | .G624 1997 |
| 100 ## - MAIN ENTRY--PERSONAL NAME | |
| Personal name | Goldsmith, Alistair L., et al. |
| 245 ## - TITLE STATEMENT | |
| Title | Human resource management for hospitality services / |
| Statement of responsibility, etc | Alistair L. Goldsmith, et al. ; |
| 260 ## - PUBLICATION, DISTRIBUTION, ETC. (IMPRINT) | |
| Place of publication, distribution, etc | London : |
| Name of publisher, distributor, etc | International Thomson Business Press, |
| Date of publication, distribution, etc | 1997. |
| 300 ## - PHYSICAL DESCRIPTION | |
| Extent | 229 p. ; |
| Dimensions | 21 cm. |
| 440 ## - SERIES STATEMENT/ADDED ENTRY--TITLE | |
| Title | Series in tourism and hospitality management |
| 500 ## - GENERAL NOTE | |
| General note | Includes bibliographical references and index. |
| 521 ## - TARGET AUDIENCE NOTE | |
| Target audience note | |
| 650 ## - SUBJECT ADDED ENTRY--TOPICAL TERM | |
| Topical term or geographic name as entry element | Personnel management. |
| 650 ## - SUBJECT ADDED ENTRY--TOPICAL TERM | |
| Topical term or geographic name as entry element | Hospitality services. |
| 700 ## - ADDED ENTRY--PERSONAL NAME | |
| Personal name | Nickson, Dennis P. |
| 700 ## - ADDED ENTRY--PERSONAL NAME | |
| Personal name | Sloan, Donald H. |
| 700 ## - ADDED ENTRY--PERSONAL NAME | |
| Personal name | Wood, Roy C. |
| 942 ## - ADDED ENTRY ELEMENTS (KOHA) | |
| Koha item type | Books |
| Source of classification or shelving scheme | Library of Congress Classification |
| Call number prefix | Foreign |
| Withdrawn status | Lost status | Source of classification or shelving scheme | Damaged status | Home library | Current library | Shelving location | Date acquired | Source of acquisition | Cost, normal purchase price | Total Checkouts | Full call number | Barcode | Date last seen | Copy number | Price effective from | Koha item type |
|---|---|---|---|---|---|---|---|---|---|---|---|---|---|---|---|---|
| Library of Congress Classification | Archives | Archives | 12/05/2013 | Donation | TX 911.3 .G624 1997 | C0312 | 05/15/2018 | 2 | 12/05/2013 | Books | ||||||
| Library of Congress Classification | College Library | College Library | General Circulation Section | 09/21/2009 | 200.00 | TX 911.3 .G624 1997 | C7884 | 05/15/2018 | 1 | 10/10/2013 | Books | |||||
| Library of Congress Classification | College Library | College Library | General Circulation Section | 12/05/2013 | TX 911.3 .G624 1997 | C7831 | 05/15/2018 | 3 | 12/05/2013 | Books | ||||||
| Library of Congress Classification | College Library | College Library | General Circulation Section | 12/05/2013 | TX 911.3 .G624 1997 | C7830 | 05/15/2018 | 4 | 12/05/2013 | Books |